000 01180nam a22002057a 4500
999 _c60738
_d60738
005 20231016170222.0
008 231016s1959ru xxu||||| |||| 00| 0 rus d
041 _arus
080 _a94(38)+1 Т- 82
100 _a Томсон, Джордж (1903 - 1987)
_920097
245 _aИсследования по истории древнегреческого общества ;
_bтом 2 : Первые философы /
_cДж. Томсон, пер. с англ. В. М. Закладной и С. Д.В. М.
264 _aМосква :
_bИздательство иностранной литературы,
_c1959.
300 _a371с.:
_bил., карты.
_c23 см.
505 _a Библиогр.: с. 352 - 357.
653 _aИсследования по истории древнегреческого общества
653 _aკვლევა ძველი ბერძნული საზოგადოების ისტორიის შესახებ
700 _aЗакладной, В. М.
_eმთარგმნელი
_920098
700 _aКомарова, С. Д.
_eმთარგმნელი
_920099
942 _2udc
_cBK